|
|
|
|
| LEADER |
01688cas a2200241 a 4500 |
| 001 |
AALejournalIMF002425 |
| 008 |
230101c9999 xx r poo 0 0eng d |
| 020 |
|
|
|c 5.00 USD
|
| 020 |
|
|
|z 9781451805376
|
| 022 |
|
|
|a 1934-7685
|
| 040 |
|
|
|a BD-DhAAL
|c BD-DhAAL
|
| 110 |
2 |
|
|a International Monetary Fund.
|
| 245 |
1 |
0 |
|a Competitiveness in the Baltics in the Run-Up to EU Accession.
|
| 264 |
|
1 |
|a Washington, D.C. :
|b International Monetary Fund,
|c 2003.
|
| 300 |
|
|
|a 1 online resource (64 pages)
|
| 490 |
1 |
|
|a IMF Staff Country Reports
|
| 500 |
|
|
|a <strong>Off-Campus Access:</strong> No User ID or Password Required
|
| 500 |
|
|
|a <strong>On-Campus Access:</strong> No User ID or Password Required
|
| 506 |
|
|
|a Electronic access restricted to authorized BRAC University faculty, staff and students
|
| 520 |
3 |
|
|a This paper analyzes competitiveness in the Baltics in the run-up to European Union accession. Several factors appear to have driven movements in equilibrium real exchange rates in the Baltics since the start of the transition process. In the earlier years of transition, price liberalization, increased demand for services and other nontradables, and shifts in domestic production and exports toward higher valued-added products contributed to real appreciation through higher measured inflation. The strength of the real appreciation during these years appears to also reflect the correction of an initial undervaluation of exchange rates.
|
| 538 |
|
|
|a Mode of access: Internet
|
| 830 |
|
0 |
|a IMF Staff Country Reports; Country Report ;
|v No. 2003/114
|
| 856 |
4 |
0 |
|z Full text available on IMF
|u http://elibrary.imf.org/view/journals/002/2003/114/002.2003.issue-114-en.xml
|z IMF e-Library
|